Normal view
MARC view
Entry Personal Name
001 - CONTROL NUMBER
- control field: 26964
003 - CONTROL NUMBER IDENTIFIER
- control field: OSt
005 - DATE AND TIME OF LATEST TRANSACTION
- control field: 20260603130845.0
008 - FIXED-LENGTH DATA ELEMENTS
- fixed length control field: 260603|| aca||aabn | a|a d
040 ## - CATALOGING SOURCE
- Original cataloging agency: OSt
- Transcribing agency: OSt
100 ## - HEADING--PERSONAL NAME
- Personal name: Carroll Sean B
670 ## - SOURCE DATA FOUND
- Source citation: Work cat.: (OSt)23126: Carroll Sean B., Endless Forms , 2005
